000 01167nam a2200289 i 4500
001 bg
100 1 _aWEN, P. H.
245 1 0 _aDynamic fracture mechanics :
_bdisplacement discontinuity method /
_cP.
_nH. Wen.
260 _aSouthampton ; Boston :
_bComputational Mechanics Publications,
_c1996.
300 _a202 s. :
_brys., wykr. ;
_c24 cm.
490 1 _aTopics in Engineering / ed. C. A. Brebbia and J. J. Connor,
_x0952-5300 ;
_vVol.29
504 _aBibliogr. przy rozdz.
650 9 _aAnaliza numeryczna
_xstosowanie
_xmechanika
650 9 _aMetody i |zagadnienia brzegowe
650 9 _aPękanie
_xmechanika
650 9 _aDynamika
830 0 _aTopics in Engineering (ed. C. A. Brebbia and J. J. Connor) ;
_vVol.29
020 _a185312446X (Computational Mechanics Publications, Southampton)
020 _a1562523562 (Computational Mechanics Publications, Boston)
040 _cBPK
041 0 _aen
080 _a519.61/.65:539.4
920 _a1-85312-446-X (Computational Mechanics Publications, Southampton)
920 _a1-56252-356-2 (Computational Mechanics Publications, Boston)
942 _cKS
008 s pl f |000 0 pol
999 _c32697
_d32697
856 _uhttp://koha.tu.koszalin.pl/cgi-bin/koha/opac-detail.pl?biblionumber=32697
_yKatalog online BPK